<?xml version="1.0" encoding="UTF-8"?>
<collection xmlns="http://www.loc.gov/MARC21/slim">
 <record>
  <leader>00976nam a22001811  4500</leader>
  <controlfield tag="001">1/15015</controlfield>
  <controlfield tag="008">990901s1952    enk                 eng d</controlfield>
  <datafield tag="035" ind1=" " ind2=" ">
   <subfield code="l">15508</subfield>
  </datafield>
  <datafield tag="040" ind1=" " ind2=" ">
   <subfield code="a">DLC</subfield>
   <subfield code="b">GR-PeUP</subfield>
  </datafield>
  <datafield tag="090" ind1=" " ind2=" ">
   <subfield code="a">388.049 ΚΑ</subfield>
  </datafield>
  <datafield tag="100" ind1="1" ind2=" ">
   <subfield code="a">Κανελλόπουλος, Χρήστος Ι.</subfield>
  </datafield>
  <datafield tag="245" ind1="1" ind2="0">
   <subfield code="a">Μαθήματα συγκοινωνιακής οικονομίας :</subfield>
   <subfield code="b">Α παραδόσεις εις την Ανωτ. Σχολήν Βιομηχανικών Σπουδών /</subfield>
   <subfield code="c">Χ. Ι. Κανελλοπούλου</subfield>
  </datafield>
  <datafield tag="260" ind1=" " ind2=" ">
   <subfield code="a">Αθήνα :</subfield>
   <subfield code="b">χ.ε. ,</subfield>
   <subfield code="c">1952</subfield>
  </datafield>
  <datafield tag="300" ind1=" " ind2=" ">
   <subfield code="a">62 σ. ;</subfield>
   <subfield code="c">24 εκ.</subfield>
  </datafield>
  <datafield tag="650" ind1=" " ind2="4">
   <subfield code="a">Μεταφορές, Αστικές</subfield>
   <subfield code="z">Ευρωπαική Ένωση, Χώρες της.</subfield>
  </datafield>
  <datafield tag="650" ind1=" " ind2="4">
   <subfield code="a">Μεταφορές</subfield>
   <subfield code="x">Οικονομικές απόψεις.</subfield>
  </datafield>
  <datafield tag="852" ind1=" " ind2=" ">
   <subfield code="a">INST</subfield>
   <subfield code="b">UNIPILB</subfield>
   <subfield code="c">MAIN</subfield>
   <subfield code="e">20040709</subfield>
   <subfield code="h">388.049 ΚΑ</subfield>
   <subfield code="p">00132106</subfield>
   <subfield code="q">00132106</subfield>
   <subfield code="t">LOAN</subfield>
   <subfield code="v">τ.α:</subfield>
   <subfield code="y">0</subfield>
   <subfield code="z">τ.α</subfield>
   <subfield code="4">2</subfield>
  </datafield>
  <datafield tag="852" ind1=" " ind2=" ">
   <subfield code="a">INST</subfield>
   <subfield code="b">UNIPILB</subfield>
   <subfield code="c">MAIN</subfield>
   <subfield code="e">20040709</subfield>
   <subfield code="h">388.049 ΚΑ</subfield>
   <subfield code="p">00132117</subfield>
   <subfield code="q">00132117</subfield>
   <subfield code="t">LOAN</subfield>
   <subfield code="v">τ.α:</subfield>
   <subfield code="y">0</subfield>
   <subfield code="z">τ.α</subfield>
   <subfield code="4">1</subfield>
  </datafield>
 </record>
</collection>
